000 00870nam a22002057a 4500
999 _c56871
_d56871
003 Ge_BSU
005 20190527153214.0
008 190527b1964 ||||| |||| 00| 0 geo d
041 _ageo
080 _a51(075.8)
100 _4ჭელიძე, ვლ
245 _aუმაღლესი მათემატიკის კურსი : ტ. 2. სახელმძღვ.
_bუმაღლ. ტექნ. სასწ. /
_cვლ. ჭელიძე ; ნ. ლომჯარია ; გ. ხახუბია.
264 _aთბილისი :
_bცოდნა,
_c1964.
300 _a 419 გვ .:
_c20 სმ.
653 _aუმაღლესი მათემატიკა
653 _aმათემატიკა
700 _a ლომჯარია, ნ
_91645
700 _aხახუბია, გ
_91646
942 _2udc
_cBK